Pokémon- Qui est ce personnage? (assez difficile) - Statistiques

Statistiques générales
  • Ce quiz a été pris 73 fois
  • Le résultat moyen est 13 sur 25
Statistiques - réponses
Par images Réponse % Correct
Jupiter
75%
Paul
73%
Kiawe
66%
Apocyne
64%
Pluton
61%
Armand
58%
Eusine
58%
Xanthin
56%
Amana
54%
Celesta
54%
Leaf
54%
Alain
53%
Delia
51%
Richie
51%
Jacky
49%
Saubohne
49%
Echo
47%
Nacchara
47%
Koner
46%
Millie
42%
Brandon
39%
Chamsin
39%
Oryse
31%
Alexia
25%
Penséa
20%
Aucun quiz correspondant
Distribution des résultats
% des personnes avec chaque résultat
Percentile par nombre de réponses
Votre historique - résultats
Vous n’avez pas pris ce quiz